Score 0/74 Timer 14:00
0 Plays Today
Population City % Correct
123,243Hartford
89.3%
14,605Hartford
89.3%
147,651Rockford
81.8%
129,113Stamford
79.3%
128,726Concord
76.9%
19,809Concord (town)
76.9%
42,904Concord
76.9%
89,891Concord
76.9%
207,906Oxnard
73.6%
54,054Milford
62.8%
10,979Milford
62.8%
57,213Medford
62.8%
28,646Milford (town)
62.8%
16,583Milford (charter township)
62.8%
15,299Milford (town)
62.8%
23,440Medford (township)
62.8%
81,636Medford
62.8%
19,101Waterford (town)
62%
72,866Waterford (charter township)
62%
10,754Waterford (township)
62%
21,120Oxford
61.2%
62,903West Hartford (town)
61.2%
50,237East Hartford (town)
61.2%
12,984Oxford (town)
61.2%
13,911Oxford (town)
61.2%
21,711Oxford (charter township)
61.2%
23,290Oxford
61.2%
22,341Oxford
61.2%
13,341Bedford
59.5%
95,032New Bedford
59.5%
14,411Bedford (town)
59.5%
22,418Bedford (town)
59.5%
12,665Bedford
59.5%
49,528Bedford
59.5%
158,937Hayward
57%
58,605Sanford
47.9%
20,938Sanford
47.9%
Population City % Correct
29,128Sanford
47.9%
55,547Hanford
45.5%
52,148Stratford (town)
40.5%
11,758Stafford (town)
39.7%
27,153Stafford (township)
39.7%
18,422Stafford
39.7%
51,902Tigard
37.2%
47,062Redford (charter township)
36.4%
13,349Brainerd
35.5%
44,660Wallingford (town)
33.1%
21,362Biddeford
33.1%
28,028Branford (town)
32.2%
27,151New Milford (town)
31.4%
24,232Westford (town)
31.4%
16,759New Milford (borough)
31.4%
22,277Guilford (town)
31.1%
26,605West Milford (township)
30.6%
18,635Rutherford (borough)
29.8%
35,152Chelmsford (town)
27.3%
30,613Deptford (township)
27.3%
21,352West Deptford (township)
24%
17,483Radford
24%
43,815Lombard (village)
23.1%
34,905Hilliard
22.3%
14,911Ledyard (town)
21.5%
11,978Weatherford
21.5%
29,969Weatherford
21.5%
22,185Prichard
20.7%
24,097Cranford (township)
19.8%
19,410Howard (village)
19%
12,543Woodward
18.2%
14,356Buford
16.5%
14,915Hereford
16.5%
13,945Port Orchard
15.7%
14,198North Branford (town)
13.2%
11,507Broussard
11.6%
10,655Maynard (town)
9.9%
Come Together.
Have Fun.
All Virtual.
We all need to come together. Play Sporcle's virtual live trivia to have fun, connect with people, and get your trivia on. Join a live hosted trivia game for your favorite pub trivia experience done virtually. If a virtual private party is more your thing, go here for details.

You're not logged in!

Compare scores with friends on all Sporcle quizzes.
OR
Log In

Sporcle TV

Today on Sporcle TV


Watch our educational content, quiz creation guides, and fun videos on Sporcle TV.

Show Comments

Extras

Top Quizzes Today


Score Distribution

Paid Content

Your Account Isn't Verified!

In order to create a playlist on Sporcle, you need to verify the email address you used during registration. Go to your Sporcle Settings to finish the process.

Report this User

Report this user for behavior that violates our Community Guidelines.

Details: